| 000 | 02058nam0a2200373 4500 | ||
|---|---|---|---|
| 001 | RU\NLR\bibl\1507375 | ||
| 005 | 20260409075603.0 | ||
| 021 |
_aRU _b2010-20840 _91408 |
||
| 035 | _a(NLR Aleph) 001498791 | ||
| 090 |
_a1790983 _c1790983 |
||
| 100 | _a20100323d2009 |||y0rusy50 ca | ||
| 101 | 0 | _arus | |
| 102 | _aRU | ||
| 105 | _aa ||||||||| | ||
| 200 | 1 |
_aКирилло-Мефодиевские чтения _eматериалы I межрегиональной православной конференции в честь святых равноапостольных Кирилла и Мефодия, 24 мая 2009 г. _fпод ред. проф. В.С. Сизова, проф. Н.С. Александровой |
|
| 210 |
_aКиров (Вятка) _cВСЭИ _d2009 |
||
| 215 |
_a134 с. _cил. _d21 |
||
| 300 | _aВ надзаг.: Вят. епархия, Вят. соц.-экон. ин-т | ||
| 320 | _aБиблиогр. в конце ст. | ||
| 606 | 1 |
_aПравославное воспитание _jСъезды, совещания и т.п. _92162476 _3RU\NLR\auth\661301319 |
|
| 606 |
_aДуховно-нравственное воспитание _jСъезды, совещания и т.п. _92480714 _3RU\NLR\auth\661472659 |
||
| 686 | _aЧ313.504я431 | ||
| 686 | _aЧ313.52я431 | ||
| 702 | 1 |
_4070 _7ca _8rus _aСизов _bВ. С. _cд-р экон. наук, писатель _f1966- _gВладимир Сергеевич _966022 _3RU\NLR\AUTH\7783094 |
|
| 702 | 0 |
_4570 _7ca _8rus _aКирилл _f827-869 _9118898 _3RU\NLR\AUTH\779030 |
|
| 702 | 0 |
_7ca _8rus _aМефодий _fок.815-885 _9118899 _3RU\NLR\AUTH\779031 |
|
| 711 | 1 | 2 |
_4070 _aМежрегиональная православная конференция в честь святых равноапостольных Кирилла и Мефодия _d1 _eКиров _f2009 _9801932 _3RU\NLR\AUTH\8810153392 |
| 801 | 0 |
_aRU _bРГБ _c20100323 _grcr |
|
| 801 | 1 |
_aRU _bРГБ _c20100323 |
|
| 801 | 2 |
_aRU _bNLR _c20100504 _grcr |
|
| 942 | _cBOOK | ||
| 980 | _aNB | ||
| 980 | _aNBR | ||